| 000 | 00396nam a2200145 a 4500 | ||
|---|---|---|---|
| 001 | 000045133 | ||
| 005 | 20201002045915.0 | ||
| 008 | 150204s1991 xxua 000 0 spa d | ||
| 020 | _a0978804899 | ||
| 040 |
_aDO-SdBNP _bspa _cBNPHU |
||
| 100 | 1 |
_aRosario, Lucia del _970351 |
|
| 245 | 1 | 0 | _aDisfruta la vida /. |
| 260 |
_aEstados Unidos : _bSERVIPRODER, _c1991. |
||
| 300 |
_a[26] p. : _bil. ; _c29 cm. |
||
| 999 |
_c44622 _d44622 |
||